| 000 | 00968nam a22002417a 4500 | ||
|---|---|---|---|
| 005 | 20240305165615.0 | ||
| 007 | cr|||| ||| | ||
| 008 | 210904s2018 ca |||||s|||| 00||0 eng d | ||
| 020 | _a978-1-55221-473-2 | ||
| 035 | _a35291 | ||
| 040 | _avLex | ||
| 090 |
_c12248 _d12248 |
||
| 100 | 1 | _aGuthrie, Neil | |
| 245 | 1 | 0 |
_aGuthries Guide to Better Legal Writing _h[Recurso electrónico] / _cNeil Guthrie |
| 256 | _aServicio en línea | ||
| 260 |
_aToronto: _bIrwin Law Inc., _c2018 |
||
| 300 | _a1 recurso electrónico | ||
| 506 | 1 |
_aDisponible solo en los productos indicados _dvLex Global _dvLex Global (Academic Edition, excluding Law Schools) _dvLex Global (U.S. Academic Edition, Law Schools) _dvLex Global (U.S. Academic Edition, excluding Law Schools) _dvLex Global (Academic Edition, Law Schools) |
|
| 650 | 0 | 4 |
_aCiencias sociales _zCanadá |
| 740 | 0 | _avLex Libros (Servicio en línea) | |
| 856 | 4 | 0 | _uhttps://app.vlex.com/#/sources/35291 |
| 942 | _cRAA | ||
| 999 |
_c170484 _d170484 |
||